| 000 | 00773cam a2200217 4500 | ||
|---|---|---|---|
| 001 | WB3609-25 | ||
| 008 | 000000n2000 000 0 eng u | ||
| 035 | _a(Sirsi) u104497 | ||
| 245 | _aRetailers unite | ||
| 260 | _c2000 | ||
| 490 |
_aFinancial Times _v29 February 2000, 25(1) |
||
| 520 | _aSears and Carrefour, two of the world's largest retailers have launched a global business-to-business online exchange for the retail industry. The exchange, GlobalnetXchange will allow retailers to buy all types of goods and services over the internet. | ||
| 590 | _aWB | ||
| 650 | _aINTERNET | ||
| 650 | _aRETAILERS | ||
| 650 | _aRETAIL INDUSTRY | ||
| 650 | _aE-COMMERCE | ||
| 650 | _aBUSINESS-TO-BUSINESS | ||
| 690 | _aINFORMATION TECHNOLOGY-INTERNET | ||
| 942 | _n0 | ||
| 999 |
_c62698 _d62698 |
||